Stadi e Città - QUIZ 1 - Statistics

Statistiche generali
  • Questo quiz è stato fatto 139 volte
  • Il punteggio medio è 8 su 15
Statistiche sulle risposte
Hint Risposta % Corretto
Stadio San Siro Milano
100%
Stadio Olimpico Roma
100%
Stadio Renzo Barbera Palermo
84%
Gewiss Stadium Bergamo
80%
La Bombonera Buenos Aires
68%
Stadio Nereo Rocco Trieste
60%
Stadio Massimino Catania
57%
Stadio Romeo Menti Vicenza/Castellammare di Stabia
45%
Stadio Pino Zaccheria Foggia
41%
Stadio Libero Liberati Terni
38%
Stadio Giuseppe Moccagatta Alessandria
37%
Stadio Luzniki Mosca
34%
Rose Bowl Pasadena
23%
Stadio Nuovo Romagnoli Campobasso
17%
Stade Pierre Mauroy Lille
17%
Nessun quiz corrispondente trovato
Distribuzione punteggi
Percentuale di utenti per punteggio
Percentile per numero di risposta
I tuoi punteggi nel tempo
Non hai fatto questo quiz